00474nam a22001697a 450000500170000001000150001702000260003203500130005803700130007108200110008410000220009524500520011726000390016927000390020830000380024750000190028520100813140529.0 aENG-100122 a9788190612302c300.00 aEN-83654 bDBAD/PUB a581.63 aRaamachandran, J. aHerbs of siddha medicine /cby J. Raamachandran aChennaibMurugan Pathippagamc2008 a5, Kamakoti NagarbChennaie600087 aVol.1 vi, 204p. :c28cm (Hb)bill aIncluded index